000
00323nam a22001457a 4500
020
_a
978-93-5549-260-9
082
_a
823
_b
IND/A
100
_a
INDUGOPAN, G.R
245
_a
AMMINIPILLA VETTUCASE
260
_a
KOZHIKODE
_b
MATHRUBHUMI BOOKS
_c
2022
300
_a
101
520
_a
STORY
650
_a
SHORT STORY
942
_c
BK
999
_c
7065
_d
7065